Statistics for All Real Housewives Cast Members

Click here to take the quiz!

General Stats

  • This quiz has been taken 580 times
    (149 since last reset)
  • The average score is 95 of 191

Answer Stats

HintAnswer% Correct
RHOANeNe Leakes
87%
RHOBHKim Richards
86%
RHOBHKyle Richards
86%
RHOBHLisa Rinna
85%
RHOBHLisa Vanderpump
85%
RHONYBethenny Frankel
83%
RHOAKenya Moore
83%
RHONJTeresa Giudice
82%
RHONYRamona Singer
80%
RHONYSonja Morgan
80%
RHOCTamra Judge
80%
RHOBHCamille Grammer
79%
RHONYLuann de Lesseps
77%
RHONJMelissa Gorga
77%
RHOBHDenise Richards
76%
RHOAPhaedra Parks
76%
RHOBHTaylor Armstrong
76%
RHOCVicki Gunvalson
76%
RHOBHAdrienne Maloof
75%
RHOCHeather Dubrow
75%
RHOASheree Whitfield
75%
RHOBHBrandi Glanville
73%
RHOBHYolanda Hadid
73%
RHOACynthia Bailey
72%
RHONYJill Zarin
72%
RHOAKandi Burruss
72%
RHOAPorsha Williams
72%
RHONJCaroline Manzo
70%
RHONYDorinda Medley
70%
RHOBHDorit Kemsley
70%
RHOBHErika Girardi
70%
RHOSLCHeather Gay
70%
RHOSLCWhitney Rose
70%
RHONJDina Cantin
69%
RHONYKelly Killoren Bensimon
69%
RHOBHGarcelle Beauvais
68%
RHOSLCJen Shah
68%
RHONYTinsley Mortimer
68%
RHONJDanielle Staub
66%
RHOAKim Zolciak-Biermann
66%
RHOMLarsa Pippen
66%
RHOALisa Wu
66%
RHONJMargaret Josephs
66%
RHOSLCMary Cosby
66%
RHOSLCMeredith Marks
66%
RHOBHSutton Stracke
66%
RHONYAlex McCord
65%
RHONJJacqueline Laurita
65%
RHOSLCLisa Barlow
65%
RHOAMarlo Hampton
65%
RHOBHCrystal Kung Minkoff
63%
RHOBHEileen Davidson
63%
RHOCGretchen Rossi
63%
RHONJJennifer Aydin
63%
RHOBHCarlton Gebbia
62%
RHONYCarole Radziwill
62%
RHONYEboni Williams
62%
RHOPGizelle Bryant
62%
RHOPKaren Huger
62%
RHOCKelly Dodd
62%
RHOCShannon Storms Beador
62%
RHONYAviva Drescher
61%
RHOCEmily Simpson
61%
RHONYKristen Taekman
61%
RHONYHeather Thomson
59%
RHOCJen Armstrong
59%
RHOPRobyn Dixon
59%
RHOASanya Richards-Ross
59%
RHOCAlexis Bellino
58%
RHONJDolores Catania
58%
RHONJJackie Goldschneider
58%
RHOAKim Fields
58%
RHOPAshley Darby
56%
Friend of RHOBHKathy Hilton
56%
RHOMMarysol Patton
56%
RHONJSiggy Flicker
56%
RHONYBrynn Whitfield
55%
RHOADeShawn Snow
55%
RHOADrew Sidora
55%
RHONYLeah McSweeney
55%
RHOBHDiana Jenkins
54%
RHOCJeana Keough
54%
RHONYJenna Lyons
54%
RHOBHKathryn Edwards
54%
RHOCMeghan King
54%
RHOPWendy Osefo
54%
RHOAClaudia Jordan
52%
RHOCJo De La Rosa
52%
RHOCKimberly Bryant
52%
RHOPCandiace Dillard
51%
RHOPCharrisse Jackson-Jordan
51%
RHONYCindy Barshop
51%
RHOPMonique Samuels
51%
RHODubaiTaleen Marie
51%
RHOBHTeddi Mellencamp Arroyave
51%
RHOMAlexia Nepola
49%
RHODubaiCaroline Stanbury
49%
RHODubaiChanel Ayan
49%
RHOMJoanna Krupa
49%
RHOCLauri Peterson
49%
RHOCLydia McLaughlin
49%
RHOMNicole Martin
49%
RHODTiffany Moon
49%
RHOMAdriana de Moura
48%
RHODBrandi Redmond
48%
RHOCBraunwyn Windham-Burke
48%
RHOCGina Kirschenheiter
48%
RHONYJules Wainstein
48%
RHOMLisa Hochstein
48%
RHOAShamari DeVoe
48%
RHODubaiCaroline Brooks
46%
RHOAEva Marcille
46%
RHOPKatie Rost
46%
RHODLeeAnne Locken
46%
RHOCPeggy Tanous
46%
RHOCQuinn Fry
46%
RHONJRachel Fuda
46%
RHONJAmber Marchese
45%
RHODD'Andra Simmons
45%
RHOSLCJennie Nguyen
45%
RHOMJulia Lemigova
45%
RHONJKathy Wakile
45%
RHOMLea Black
45%
RHOCLynne Curtin
45%
RHOPMia Thornton
45%
RHOCNoella Bergener
45%
RHODCary Deuber
44%
RHODKameron Westcott
44%
RHODStephanie Hollman
44%
RHOCTammy Knickerbocker
44%
RHOCElizabeth Lyn Vargas
42%
RHOMKarent Sierra
42%
RHODubaiLesa Milan
42%
RHOCLizzie Rovsek
42%
RHONJDanielle Cabral
41%
RHOMGuerdy Abraira
41%
RHONYErin Lichy
39%
RHOCJennifer Pedranti
39%
RHOBHJoyce Giraud de Ohoven
39%
RHONYUbah Hassan
39%
RHOBHAnnemarie Wiley
38%
RHODKary Brittingham
38%
Friend of RHOATanya Sam
38%
RHONJTeresa Aprea
38%
RHODTiffany Hendra
38%
RHOCPeggy Sulahian
37%
RHONYSai De Silva
37%
RHOMCristy Rice
35%
RHOSLCMonica Garcia
35%
RHODubaiNina Ali
35%
RHOMAna Quincoces
34%
Friend of RHOSLCAngie Harrington
34%
Friend of RHOBHFaye Resnick
34%
RHONJNicole Napolitano
34%
RHOSLCAngie Katsanevas
31%
RHODubaiSara Al-Madani
28%
Friend of RHOBHEden Sassoon
27%
Friend of RHOAShamea Morton
27%
Friend of RHOPAskale Davis
25%
Friend of RHOBHDana Wilkey
24%
RHODCMary Amons
24%
Friend of RHOSLCDanna Bui-Negrete
23%
Friend of RHOMKiki Barth
23%
RHODCCat Ommanney
21%
RHONYJassel Taank
21%
Friend of RHONJJennifer Fessler
21%
Friend of RHONJKim DePaola
21%
Friend of RHONYBarbara Kavovit
20%
Friend of RHOBHMarisa Zanuck
20%
RHODCMichaele Salahi
20%
Friend of RHOAMonyetta Shaw-Carter
20%
Friend of RHOCSarah Winchester
20%
RHODCStacie Scott Turner
20%
Friend of RHONJTraci Johnson
18%
Friend of RHONYBershan Shaw
17%
Friend of RHONYElyse Slaine
17%
Friend of RHONJKim Granatell
17%
Friend of RHOALaToya Ali
17%
Friend of RHONJRosie Pierri
17%
Friend of RHOBHSheree Zampino
17%
Friend of RHODMarie Reyes
15%
Friend of RHOCNicole James
15%
Friend of RHOCDanielle Gregorio
14%
RHODCLynda Erkiletian
14%
Friend of RHOCFernanda Rocha
13%
Friend of RHOPJacqueline Blake
13%
Friend of RHOACourtney Rhodes
11%
Friend of RHODJennifer Davis Long
11%
Friend of RHONYJennifer Gilbert
11%
Friend of RHONJJennifer Dalton
7%
Friend of RHOADemetria Kinney
3%

Score Distribution

Percentile by Number Answered

Percent of People with Each Score

Your Score History

You have not taken this quiz since the last reset